000 01053nam0a22002771 4500
001 rc\3050464
005 20250806202315.0
035 _a(NLR Aleph) 007189975
090 _a46157
_c46157
100 _a20111010d1941 u y0rusy50 ca
101 0 _arus
102 _aRU
105 _ay z |||||
200 1 _aПримерная тематика бесед для кандидатов ВКП(б) по программе, уставу и тактике партии
210 _aКуйбышев
_cИзд-во - ред. газ. "Строитель Приволжья"
_d1941
215 _a8 с.
_d14 см
300 _aБез тит. л. Описано по обл.
300 _aВ конце текста: Парткабинет МК и МГК ВКП(б)
710 0 2 _aМосковский кабинет партработы
801 0 _aRU
_bNLR
_gpsbo
801 1 _aRU
_bELAR
_2rusmarc
852 _aNLR
_jИп10 Г-6/16
942 _cBOOK
945 _aРоссийская национальная библиотека
980 _aNB
980 _aBV